| 000 | 00537nam a2200181Ia 4500 | ||
|---|---|---|---|
| 003 | OSt | ||
| 005 | 20240405091914.0 | ||
| 008 | 210210b1935 xxu||||| |||| 00| 0 eng d | ||
| 040 | _cAL | ||
| 041 | _aKannada | ||
| 082 | _a852/311 | ||
| 100 |
_aNARASINGARAV MULKI ನರಸಿಂಗರಾವ್ ಮುಲ್ಕಿ _9158722 |
||
| 245 |
_aTulasidasa Ramayana _bತುಲಸೀದಾಸ ರಾಮಾಯಣ |
||
| 260 |
_aMangaluru _b- _c1935 |
||
| 690 |
_aKannada Prose _9158723 |
||
| 906 | _a018881 | ||
| 942 |
_2ddc _cBK |
||
| 999 |
_c142677 _d142677 |
||